000 00689nam a22002055i 4500
001 155501
003 ES-MaACL
005 20250804062750.0
008 040721s1878 xxk |||| | eng d
040 _aCAM
_bspa
_cCAM
100 1 _aHodgson, Shadworth H.
_9128009
245 1 4 _aThe philosophy of reflection
_b: in three books /
_cby Shadworth H. Hodgson.
260 _aLondon :
_bLongmans, Green and Co.,
_c1878 (
_fRobson and Sons, printers)
300 _a2 v. (VIII, 441 ; 312 p.) ;
_c24 cm.
597 _aEnc. 3 t. en 2 v.
650 0 7 _aFilosofía
_2embne
_912802
752 _aGran Bretaña -
_cLondres
852 _aES-MaACL
_jF-99-100
_z- Enc. tela
999 _c155501
_d155501